000 00815nam a2200241 a 4500
001 000044390
003 DO-SdBNP
005 20180327144053.0
007 000044390
008 140626s2005 dr a 000 0 spa d
020 _a9993479780
040 _aBPMET
_bspa
_cBPMET
092 _axxxx
_bxxxx
100 1 _aGuerrero, Celio,
_d1951-
245 1 0 _aEmilio :
_bel niño que aprendió a alimentarse /
_cCelio Guerrero ; diseño e ilustración Jorge Félix Espinal Jiménez.
260 _aSanto Domingo :
_bBúho,
_c2005.
300 _a35 p. :
_bil. ;
_c28 cm.
500 _aIncluye datos biográficos del autor en la solapa de la contracubierta
700 1 2 _aEspinal Jiménez, Jorge Félix
_eil.
942 _2ddc
_cBK
945 _aRemanejado para la BNPHU / 2018 VM
956 _aVMATEO
_b10
_c20140627
_lBPMSU
_h0069
999 _c7314
_d7314